Statistics for Members of Twice (K-Pop)

Click here to take the quiz!

General Stats

  • This quiz has been taken 4,141 times
  • The average score is 8 of 9

Answer Stats

Answer % Correct
Momo
98%
Sana
96%
Mina
95%
Tzuyu
94%
Jihyo
93%
Dahyun
92%
Nayeon
92%
Chaeyoung
85%
Jungyeon
56%

Score Distribution

Percentile by Number Answered

Percent of People with Each Score

Your Score History

You have not taken this quiz